[Event "Aeroflot Open 2016 B"]
[Site "Moscu RUS"]
[Date "2016.03.03"]
[Round "3.38"]
[White "Tologontegin, Semetey"]
[Black "Erzhanov, Arman"]
[Result "1/2-1/2"]
[WhiteElo "2370"]
[BlackElo "2305"]
[PlyCount "194"]
[EventDate "2016.03.01"]
[EventType "swiss"]
[EventRounds "9"]
[EventCountry "RUS"]
[Source "lmi"]
[SourceDate "2016.03.01"]

1. d4 Nf6 2. Bf4 e6 3. e3 b6 4. Qf3 d5 5. Nd2 Bb7 6. Bd3 Bd6 7. Ne2 Ba6 8. Bxa6
Nxa6 9. c3 O-O 10. O-O c5 11. Rad1 Bxf4 12. exf4 cxd4 13. Nxd4 Nc5 14. Qe3 Nce4
15. Nxe4 Nxe4 16. f5 Re8 17. fxe6 fxe6 18. Rfe1 Qf6 19. Re2 Re7 20. c4 Rd7 21.
Nxe6 Qxe6 22. cxd5 Rxd5 23. Rxd5 Qxd5 24. Qxe4 Qxe4 25. Rxe4 Rc8 26. g3 Rc2 27.
Rb4 Kf7 28. a4 Ke6 29. a5 bxa5 30. Rb5 a4 31. Rb4 Kf6 32. Kg2 Kg6 33. h3 h5 34.
Rxa4 Rxb2 35. Rxa7 Kh6 36. Ra6+ g6 37. g4 hxg4 38. hxg4 Kg5 39. Kg3 Rb3+ 40. f3
Rc3 41. Re6 Rb3 42. Kf2 Ra3 43. Re3 Ra1 44. Rb3 Kf4 45. Rb4+ Kg5 46. Rb2 Kf4
47. Rd2 Rb1 48. Ra2 Kg5 49. Kg3 Rb3 50. Rd2 Ra3 51. Kf2 Kf4 52. Rd4+ Kg5 53.
Re4 Rb3 54. Re3 Rb1 55. Ra3 Kf4 56. Ra4+ Kg5 57. Rd4 Ra1 58. Ke3 Re1+ 59. Kf2
Ra1 60. Rb4 Ra3 61. Rb6 Rc3 62. Rd6 Ra3 63. Ke2 Rb3 64. Rd5+ Kf4 65. Rd4+ Kg5
66. Rd3 Rb1 67. Rd1 Rb3 68. Rd3 Rb1 69. Ra3 Kf4 70. Ra4+ Kg5 71. Ke3 Re1+ 72.
Kd3 Rf1 73. Ke4 Re1+ 74. Kd3 Rf1 75. Ke3 Re1+ 76. Kf2 Rb1 77. Kg2 Rc1 78. Kh3
Rh1+ 79. Kg3 Rg1+ 80. Kh2 Rb1 81. Kg2 Rc1 82. Rb4 Ra1 83. Rb5+ Kf4 84. Rb4+ Kg5
85. Rb5+ Kf4 86. Rb2 Rc1 87. Rb5 Rc2+ 88. Kh3 Rc1 89. Rb4+ Kxf3 90. Kh4 Rh1+
91. Kg5 Rg1 92. Rf4+ Kg3 93. Rf6 Kh3 94. Rf3+ Rg3 95. Rf4 Rg2 96. Rb4 Rg3 97.
Rc4 Rg2 1/2-1/2

[Event "Aeroflot Open 2016 B"]
[Site "Moscu RUS"]
[Date "2016.03.03"]
[Round "3.39"]
[White "Lomasov, Semen"]
[Black "Qiu, Mengjie"]
[Result "1/2-1/2"]
[WhiteElo "2350"]
[BlackElo "2169"]
[PlyCount "67"]
[EventDate "2016.03.01"]
[EventType "swiss"]
[EventRounds "9"]
[EventCountry "RUS"]
[Source "lmi"]
[SourceDate "2016.03.01"]

1. e4 c6 2. d4 d5 3. Nc3 dxe4 4. Nxe4 Bf5 5. Ng3 Bg6 6. Nh3 Nf6 7. Nf4 e5 8.
dxe5 Qa5+ 9. c3 Qxe5+ 10. Be2 Nbd7 11. O-O Bc5 12. Nd3 Bxd3 13. Bxd3 O-O 14.
Qf3 Rfe8 15. Rd1 Qe6 16. Bf5 Ne5 17. Qe2 Qc4 18. Qxc4 Nxc4 19. b3 Nd6 20. b4
Nxf5 21. Nxf5 Bf8 22. Be3 Nd5 23. Bd4 g6 24. Ne3 Nxe3 25. Bxe3 a5 26. a3 Bg7
27. Bd2 Re2 28. Rac1 axb4 29. axb4 Rd8 30. Be1 Rde8 31. Bd2 Rd8 32. Be1 Rde8
33. Bd2 Rd8 34. Be1 1/2-1/2

[Event "Aeroflot Open 2016 B"]
[Site "Moscu RUS"]
[Date "2016.03.03"]
[Round "3.41"]
[White "Iniyan, P."]
[Black "Mammadzada, Gunay"]
[Result "1/2-1/2"]
[WhiteElo "2295"]
[BlackElo "2345"]
[PlyCount "101"]
[EventDate "2016.03.01"]
[EventType "swiss"]
[EventRounds "9"]
[EventCountry "RUS"]
[Source "lmi"]
[SourceDate "2016.03.01"]

1. d4 d5 2. c4 c6 3. Nf3 Nf6 4. Nc3 dxc4 5. a4 Bf5 6. e3 e6 7. Bxc4 Bb4 8. O-O
O-O 9. Qe2 Nbd7 10. e4 Bg6 11. Bd3 Bh5 12. e5 Nd5 13. Ne4 Be7 14. a5 Rc8 15. h3
c5 16. g4 Bg6 17. h4 cxd4 18. h5 Rxc1 19. Rfxc1 Nf4 20. Qc2 Nxd3 21. hxg6 Nxc1
22. gxh7+ Kh8 23. Qxc1 f6 24. Qc4 fxe5 25. Nfd2 Bg5 26. Nf1 Qe7 27. Qc7 Bh4 28.
Nfg3 Qf7 29. Rf1 Nb8 30. Qxe5 Nc6 31. Qc5 a6 32. Nd6 Qd7 33. Ndf5 Be7 34. Nxe7
Nxe7 35. Rd1 Rd8 36. Ne4 e5 37. f3 Ng6 38. Ng5 Rc8 39. Qa3 Nf4 40. Qb3 d3 41.
Qb4 Qc6 42. Nf7+ Kxh7 43. Nxe5 Qc2 44. Rd2 Qc5+ 45. Qxc5 Rxc5 46. Nxd3 Nxd3 47.
Rxd3 Rc1+ 48. Kf2 Rc2+ 49. Kg3 Rxb2 50. Rd5 b6 51. axb6 1/2-1/2

[Event "Aeroflot Open 2016 B"]
[Site "Moscu RUS"]
[Date "2016.03.03"]
[Round "3.42"]
[White "Arabidze, Meri"]
[Black "Aslanov, Farid"]
[Result "1/2-1/2"]
[WhiteElo "2390"]
[BlackElo "2171"]
[PlyCount "131"]
[EventDate "2016.03.01"]
[EventType "swiss"]
[EventRounds "9"]
[EventCountry "RUS"]
[Source "lmi"]
[SourceDate "2016.03.01"]

1. Nf3 Nf6 2. c4 b6 3. Nc3 Bb7 4. d4 e6 5. a3 d5 6. cxd5 exd5 7. Qc2 h6 8. Bf4
a6 9. e3 Bd6 10. Ne5 Nbd7 11. Bd3 O-O 12. Nxd7 Qxd7 13. Bf5 Qe7 14. Bxd6 Qxd6
15. O-O g6 16. Bh3 Rfe8 17. Rac1 Re7 18. Qa4 h5 19. Rc2 Kg7 20. Rfc1 Ne8 21.
Ne2 f5 22. Nf4 Nf6 23. Nd3 Rc8 24. b4 Re4 25. Qb3 Re7 26. Ne5 Rxe5 27. dxe5
Qxe5 28. Qc3 Qxc3 29. Rxc3 c6 30. f3 Re8 31. g3 Kf7 32. Bf1 Re6 33. Kf2 Ne8 34.
a4 Nd6 35. Ra1 Kf6 36. Bd3 g5 37. h3 f4 38. gxf4 gxf4 39. Re1 Rxe3 40. Rxe3 d4
41. Re1 dxc3 42. Rc1 Ke5 43. Rxc3 Kd4 44. Rb3 Bc8 45. Rb1 b5 46. Bf1 Nc4 47.
axb5 axb5 48. h4 Be6 49. Rc1 Bd5 50. Be2 Ne3 51. Rg1 Nf5 52. Rg5 Nxh4 53. Rxh5
Ng6 54. Rf5 Kc3 55. Rf6 Ne5 56. Rxf4 Bxf3 57. Rf5 Bxe2 58. Kxe2 Nc4 59. Rf6
Kxb4 60. Rxc6 Kc3 61. Rc8 b4 62. Kd1 b3 63. Kc1 b2+ 64. Kb1 Kb3 65. Rxc4 Kxc4
66. Kxb2 1/2-1/2

[Event "Aeroflot Open 2016 B"]
[Site "Moscu RUS"]
[Date "2016.03.03"]
[Round "3.43"]
[White "Charochkina, Daria"]
[Black "Kostromin, Mikhail"]
[Result "1-0"]
[WhiteElo "2381"]
[BlackElo "2322"]
[PlyCount "55"]
[EventDate "2016.03.01"]
[EventType "swiss"]
[EventRounds "9"]
[EventCountry "RUS"]
[Source "lmi"]
[SourceDate "2016.03.01"]

1. d4 Nf6 2. c4 e6 3. Nc3 c5 4. d5 exd5 5. cxd5 d6 6. Nf3 g6 7. Bf4 a6 8. a4
Bg7 9. h3 O-O 10. e3 Nh5 11. Bh2 f5 12. Be2 f4 13. O-O Bh6 14. Nd2 Ng7 15. Nc4
fxe3 16. fxe3 Nf5 17. Qd3 Qg5 18. Ne4 Qe7 19. g4 Re8 20. Bf3 b5 21. axb5 axb5
22. Rxa8 bxc4 23. Qc3 Bxe3+ 24. Kh1 Bd4 25. Qe1 Bb7 26. Rxb8 Rxb8 27. gxf5 Re8
28. Bxd6 1-0

[Event "Aeroflot Open 2016 B"]
[Site "Moscu RUS"]
[Date "2016.03.03"]
[Round "3.44"]
[White "Torosyan, Norayr"]
[Black "Murtazin, Bulat"]
[Result "1/2-1/2"]
[WhiteElo "2378"]
[BlackElo "2315"]
[PlyCount "111"]
[EventDate "2016.03.01"]
[EventType "swiss"]
[EventRounds "9"]
[EventCountry "RUS"]
[Source "lmi"]
[SourceDate "2016.03.01"]

1. Nf3 d5 2. g3 c6 3. Bg2 Bg4 4. c4 e6 5. b3 Nd7 6. Bb2 Ngf6 7. O-O Bd6 8. d3
O-O 9. Nbd2 Re8 10. h3 Bh5 11. cxd5 exd5 12. Re1 Qb6 13. Bd4 Bc5 14. Bxc5 Nxc5
15. Qc2 Re7 16. e4 Rae8 17. Nh4 Na6 18. a3 Nc7 19. Qb2 Bg6 20. Re3 Nb5 21. a4
Qd4 22. Qc1 Nc3 23. Qe1 Qb4 24. Kh2 d4 25. Rf3 Nd7 26. Nf5 Re5 27. g4 R5e6 28.
Rg3 Nc5 29. Qc1 Ne2 30. Qc2 Nxg3 31. Nxg3 Qc3 32. Qd1 Nxd3 33. Ne2 Qc5 34. f4
f5 35. gxf5 Bxf5 36. Ng3 Bxh3 37. Bxh3 Rh6 38. Qf3 Qc2 39. Ra2 Qxa2 40. Qxd3 c5
41. e5 Rh4 42. Ne2 Qa1 43. Nf3 Rxh3+ 44. Kxh3 Qh1+ 45. Kg3 Qh5 46. Ng5 Rxe5 47.
Qc4+ Kf8 48. Nxh7+ Qxh7 49. fxe5 Qg6+ 50. Kf4 Qh6+ 51. Ke4 Qg6+ 52. Kf4 Qh6+
53. Ke4 Qg6+ 54. Kf3 Qh5+ 55. Ke4 Qh1+ 56. Kf4 1/2-1/2

[Event "Aeroflot Open 2016 B"]
[Site "Moscu RUS"]
[Date "2016.03.03"]
[Round "3.45"]
[White "Utiatskaja, Irina"]
[Black "Dai, Changren"]
[Result "0-1"]
[WhiteElo "2215"]
[BlackElo "2353"]
[PlyCount "102"]
[EventDate "2016.03.01"]
[EventType "swiss"]
[EventRounds "9"]
[EventCountry "RUS"]
[Source "lmi"]
[SourceDate "2016.03.01"]

1. e4 c5 2. Ne2 Nc6 3. Nbc3 Nf6 4. d4 cxd4 5. Nxd4 d6 6. Bg5 Bd7 7. Qd2 Rc8 8.
Nf5 Nxe4 9. Nxg7+ Bxg7 10. Nxe4 Qb6 11. c3 d5 12. Ng3 d4 13. Bd3 dxc3 14. bxc3
Nb4 15. O-O Bxc3 16. Qe2 Qe6 17. Rab1 Qxe2 18. Bxe2 b6 19. a3 Nc6 20. Rfd1 Be5
21. Bb5 Rg8 22. Be3 f5 23. Nh5 Nb8 24. Rd5 Bd6 25. a4 Nc6 26. Nf6+ exf6 27.
Rxd6 Ke7 28. Rbd1 Rgd8 29. Ba6 Rb8 30. Bc1 Be8 31. Ba3 Kf7 32. Bc4+ Kg7 33.
R1d3 Rxd6 34. Bxd6 Rd8 35. h4 Ne5 36. Bf8+ Kxf8 37. Rxd8 Nxc4 38. Ra8 a5 39. h5
h6 40. Rd8 Ke7 41. Rd5 Bxh5 42. Rxf5 Be8 43. g4 Nb2 44. Rf3 Nxa4 45. Rh3 Nc5
46. Rxh6 b5 47. f4 b4 48. g5 fxg5 49. fxg5 b3 50. Rb6 a4 51. g6 Bxg6 0-1

[Event "Aeroflot Open 2016 B"]
[Site "Moscu RUS"]
[Date "2016.03.03"]
[Round "3.46"]
[White "Elistratov, Semen"]
[Black "Yuan, Ye"]
[Result "1-0"]
[WhiteElo "2335"]
[BlackElo "2140"]
[PlyCount "115"]
[EventDate "2016.03.01"]
[EventType "swiss"]
[EventRounds "9"]
[EventCountry "RUS"]
[Source "lmi"]
[SourceDate "2016.03.01"]

1. e4 c5 2. Nf3 e6 3. d4 cxd4 4. Nxd4 Nc6 5. Nc3 Qc7 6. Be3 a6 7. Qd2 Nf6 8. f4
Bb4 9. Bd3 Na5 10. a3 Bxc3 11. Qxc3 Qxc3+ 12. bxc3 d5 13. e5 Ne4 14. Nb3 Nc4
15. Bxc4 dxc4 16. Na5 Bd7 17. Bd4 b5 18. O-O f5 19. exf6 Nxf6 20. Rad1 O-O-O
21. Be5 Nd5 22. g3 Rhg8 23. Rd2 Be8 24. Re1 h6 25. Bd4 Bd7 26. Re5 g6 27. Rde2
Rdf8 28. Rxe6 Bxe6 29. Rxe6 Nc7 30. Rc6 Rf7 31. Rb6 g5 32. Nc6 Ne8 33. f5 g4
34. Rxa6 Rgf8 35. Bc5 Nc7 36. Rb6 Re8 37. Nd4 Nd5 38. Ra6 Rb7 39. Ne6 Nc7 40.
Rc6 Kd7 41. Rd6+ Kc8 42. Nd4 Re5 43. Nc6 Re8 44. Bd4 b4 45. axb4 Nb5 46. Rxh6
Nxd4 47. Nxd4 Rbe7 48. Rg6 Re1+ 49. Kf2 Kd7 50. b5 Rf8 51. Kg2 Rh8 52. Rc6 Rh5
53. Ra6 Re8 54. Rg6 Re4 55. b6 Kc8 56. Rg7 Rh6 57. Rc7+ Kd8 58. Nc6+ 1-0

[Event "Aeroflot Open 2016 B"]
[Site "Moscu RUS"]
[Date "2016.03.03"]
[Round "3.47"]
[White "Hojjatova, Aydan"]
[Black "Bogumil, Tatiana"]
[Result "1-0"]
[WhiteElo "2323"]
[BlackElo "2132"]
[PlyCount "59"]
[EventDate "2016.03.01"]
[EventType "swiss"]
[EventRounds "9"]
[EventCountry "RUS"]
[Source "lmi"]
[SourceDate "2016.03.01"]

1. e4 e6 2. d4 d5 3. Nd2 dxe4 4. Nxe4 Bd7 5. Nf3 Bc6 6. Bd3 Nd7 7. O-O Ngf6 8.
Ned2 Be7 9. Qe2 O-O 10. c3 b6 11. Rd1 Bb7 12. Nc4 Qc8 13. Nce5 c5 14. Bg5 Re8
15. Bb5 cxd4 16. cxd4 a6 17. Rac1 Qd8 18. Nc6 Bxc6 19. Bxc6 Ra7 20. Ne5 h6 21.
Bxf6 Nxf6 22. Bxe8 Qxe8 23. Nc6 Ra8 24. Nxe7+ Qxe7 25. d5 e5 26. d6 Qe6 27. Qc4
Qf5 28. Qc6 Rd8 29. Qxb6 Rd7 30. Rc7 1-0

[Event "Aeroflot Open 2016 B"]
[Site "Moscu RUS"]
[Date "2016.03.04"]
[Round "4.1"]
[White "Arribas Lopez, Angel"]
[Black "Paravyan, David"]
[Result "1-0"]
[WhiteElo "2543"]
[BlackElo "2506"]
[PlyCount "63"]
[EventDate "2016.03.01"]
[EventType "swiss"]
[EventRounds "9"]
[EventCountry "RUS"]
[Source "lmi"]
[SourceDate "2016.03.01"]

1. e4 e5 2. Nf3 Nc6 3. d4 exd4 4. Nxd4 Nf6 5. Nxc6 bxc6 6. e5 Qe7 7. Qe2 Nd5 8.
c4 Ba6 9. Nd2 g6 10. Nf3 Nb6 11. b3 Bg7 12. Bg5 Qe6 13. O-O-O O-O 14. Qe3 Rfe8
15. h4 d6 16. exd6 Qf5 17. Qd2 cxd6 18. Bd3 Nxc4 19. Qb4 Qg4 20. Bxc4 Bxc4 21.
Qxc4 Qxg2 22. Qf4 Qxf2 23. Rh2 Qc5+ 24. Rc2 Qa3+ 25. Kb1 Rab8 26. Bf6 Bxf6 27.
Qxf6 Re6 28. Qc3 c5 29. Ng5 Re7 30. Qf6 Rbb7 31. h5 Re5 32. Qd8+ 1-0

[Event "Aeroflot Open 2016 B"]
[Site "Moscu RUS"]
[Date "2016.03.04"]
[Round "4.2"]
[White "Diermair, Andreas"]
[Black "Gordievsky, Dmitry"]
[Result "1-0"]
[WhiteElo "2450"]
[BlackElo "2524"]
[PlyCount "71"]
[EventDate "2016.03.01"]
[EventType "swiss"]
[EventRounds "9"]
[EventCountry "RUS"]
[Source "lmi"]
[SourceDate "2016.03.01"]

1. d4 Nf6 2. c4 e6 3. Nc3 Bb4 4. e3 O-O 5. Bd3 d5 6. Nf3 b6 7. O-O Bb7 8. cxd5
exd5 9. a3 Bd6 10. b4 a6 11. Qb3 Nbd7 12. a4 Qe7 13. Rb1 Ne4 14. Nxd5 Bxd5 15.
Qxd5 Nc3 16. Qb3 Nxb1 17. Qxb1 h6 18. b5 axb5 19. axb5 Rab8 20. e4 Ba3 21. Bd2
Rfd8 22. Re1 Nf8 23. Bc3 Ne6 24. Bc4 Bd6 25. e5 Ba3 26. d5 Nf8 27. e6 Bd6 28.
Nd4 Qf6 29. Bb2 Ng6 30. Nc6 Qf4 31. g3 Qxc4 32. exf7+ Kh7 33. Nxd8 Rxd8 34. Qf5
Bc5 35. Re6 Bxf2+ 36. Kxf2 1-0

[Event "Aeroflot Open 2016 B"]
[Site "Moscu RUS"]
[Date "2016.03.04"]
[Round "4.3"]
[White "Rozum, Ivan"]
[Black "Lugovskoy, Maxim"]
[Result "1-0"]
[WhiteElo "2543"]
[BlackElo "2499"]
[PlyCount "90"]
[EventDate "2016.03.01"]
[EventType "swiss"]
[EventRounds "9"]
[EventCountry "RUS"]
[Source "lmi"]
[SourceDate "2016.03.01"]

1. Nf3 d5 2. c4 e6 3. g3 Nf6 4. Bg2 d4 5. O-O c5 6. e3 Nc6 7. exd4 cxd4 8. d3
Bd6 9. Bg5 e5 10. b4 h6 11. Bxf6 Qxf6 12. c5 Bc7 13. b5 Ne7 14. Nfd2 O-O 15.
Na3 Qg6 16. Nac4 Bf5 17. Nf3 Qf6 18. Re1 Rac8 19. Nfxe5 Bxe5 20. Rxe5 Ng6 21.
Rxf5 Qxf5 22. c6 bxc6 23. Nd6 Qd7 24. Nxc8 cxb5 25. Qh5 Qxc8 26. Qxb5 Re8 27.
Be4 Ne5 28. Kg2 g6 29. Rc1 Qb8 30. Qa4 Rd8 31. Rc5 Ng4 32. Rb5 Qc8 33. h3 Nf6
34. Bf3 Qd7 35. Qa6 Rf8 36. Ra5 Kg7 37. Qxa7 Qxa7 38. Rxa7 Rc8 39. Bd1 Ne8 40.
Rd7 Rc7 41. Rxd4 f5 42. Bb3 Nf6 43. Rb4 g5 44. a4 Nd7 45. a5 Ra7 1-0

[Event "Aeroflot Open 2016 B"]
[Site "Moscu RUS"]
[Date "2016.03.04"]
[Round "4.4"]
[White "Gabrielian, Artur"]
[Black "Hayrapetyan, Hovik"]
[Result "1/2-1/2"]
[WhiteElo "2512"]
[BlackElo "2480"]
[PlyCount "47"]
[EventDate "2016.03.01"]
[EventType "swiss"]
[EventRounds "9"]
[EventCountry "RUS"]
[Source "lmi"]
[SourceDate "2016.03.01"]

1. e4 c5 2. Nf3 e6 3. d4 cxd4 4. Nxd4 a6 5. Nc3 Qc7 6. Bd3 Nc6 7. Be3 Nf6 8.
O-O b5 9. Nxc6 Qxc6 10. Be2 b4 11. e5 bxc3 12. exf6 cxb2 13. Bf3 d5 14. Rb1 Rb8
15. Qd4 gxf6 16. Qxf6 Rg8 17. Bh5 Rb7 18. Rxb2 Bg7 19. Rxb7 Bxf6 20. Rxf7 Be7
21. Rg7+ Kf8 22. Rf7+ Ke8 23. Rg7+ Kf8 24. Rf7+ 1/2-1/2

[Event "Aeroflot Open 2016 B"]
[Site "Moscu RUS"]
[Date "2016.03.04"]
[Round "4.5"]
[White "Golubov, Saveliy"]
[Black "Rogozenco, Dorian"]
[Result "1/2-1/2"]
[WhiteElo "2469"]
[BlackElo "2500"]
[PlyCount "84"]
[EventDate "2016.03.01"]
[EventType "swiss"]
[EventRounds "9"]
[EventCountry "RUS"]
[Source "lmi"]
[SourceDate "2016.03.01"]

1. e4 c5 2. Nf3 Nc6 3. d4 cxd4 4. Nxd4 Nf6 5. Nc3 e5 6. Ndb5 d6 7. Nd5 Nxd5 8.
exd5 Nb8 9. c4 Be7 10. Bd3 a6 11. Nc3 O-O 12. O-O f5 13. f3 Nd7 14. Kh1 Bg5 15.
b4 a5 16. a3 axb4 17. Bxg5 Qxg5 18. axb4 Rxa1 19. Qxa1 Qe3 20. Be2 Nb8 21. Qc1
Qb6 22. Nb5 Na6 23. f4 e4 24. Qc3 Bd7 25. Qd4 Qxd4 26. Nxd4 Nxb4 27. Rb1 Na6
28. Rxb7 Nc5 29. Rb6 Ra8 30. Kg1 e3 31. Rb1 Kf8 32. Kf1 Ra2 33. Rc1 h6 34. g3
Ra3 35. Kg2 Ne4 36. Rd1 Nf2 37. Rb1 Ne4 38. Rb3 Ra2 39. Rxe3 g6 40. g4 Rd2 41.
Nb3 Rb2 42. Nd4 Rd2 1/2-1/2

[Event "Aeroflot Open 2016 B"]
[Site "Moscu RUS"]
[Date "2016.03.04"]
[Round "4.6"]
[White "Dvalishvili, Pavel S"]
[Black "Potapov, Pavel"]
[Result "1/2-1/2"]
[WhiteElo "2442"]
[BlackElo "2486"]
[PlyCount "118"]
[EventDate "2016.03.01"]
[EventType "swiss"]
[EventRounds "9"]
[EventCountry "RUS"]
[Source "lmi"]
[SourceDate "2016.03.01"]

1. e4 d5 2. exd5 Qxd5 3. Nc3 Qd6 4. d4 Nf6 5. Nf3 g6 6. Bc4 Bg7 7. O-O O-O 8.
h3 a6 9. a4 c5 10. dxc5 Qxc5 11. Qe2 Nc6 12. Rd1 Bf5 13. Be3 Qa5 14. Nd4 Nxd4
15. Bxd4 Rac8 16. Bb3 Rfe8 17. Bxf6 exf6 18. Qf3 Qb4 19. Nd5 Qh4 20. c3 Be4 21.
Qg4 Qxg4 22. hxg4 f5 23. g5 Kf8 24. a5 Bxd5 25. Rxd5 Be5 26. Ba4 Rcd8 27. Rad1
Rxd5 28. Rxd5 Re7 29. g3 f4 30. g4 Bc7 31. Kg2 b6 32. axb6 Bxb6 33. Kf3 Bc7 34.
Rc5 a5 35. Rc6 Kg7 36. b4 axb4 37. cxb4 Be5 38. b5 h6 39. gxh6+ Kxh6 40. Bb3
Bd4 41. Bd5 Rd7 42. Be4 Ra7 43. Kxf4 Bxf2 44. b6 Ra3 45. Bd5 Bg3+ 46. Ke4 Kg7
47. b7 Ra4+ 48. Kf3 Be5 49. g5 Rf4+ 50. Ke3 Rg4 51. Rf6 Rxg5 52. Rxf7+ Kh6 53.
Bc6 Rf5 54. Re7 Bh2 55. Be4 Rf6 56. Re8 Bf4+ 57. Kd4 Rb6 58. Kc5 Be3+ 59. Kc4
Bf4 1/2-1/2

[Event "Aeroflot Open 2016 B"]
[Site "Moscu RUS"]
[Date "2016.03.04"]
[Round "4.7"]
[White "Chigaev, Maksim"]
[Black "Harutyunian, Tigran K"]
[Result "0-1"]
[WhiteElo "2543"]
[BlackElo "2426"]
[PlyCount "100"]
[EventDate "2016.03.01"]
[EventType "swiss"]
[EventRounds "9"]
[EventCountry "RUS"]
[Source "lmi"]
[SourceDate "2016.03.01"]

1. d4 d5 2. c4 e6 3. Nc3 Be7 4. Nf3 Nf6 5. Bf4 O-O 6. e3 Nbd7 7. c5 c6 8. Bd3
b6 9. b4 a5 10. a3 Ba6 11. Bxa6 Rxa6 12. b5 cxb5 13. c6 Qc8 14. c7 b4 15. Nb5
a4 16. Rc1 Ra8 17. axb4 Bxb4+ 18. Ke2 Ne4 19. Qd3 Ra5 20. Ng5 e5 21. Nxe4 dxe4
22. Qc4 exf4 23. Qxb4 Qa6 24. Rb1 a3 25. Rb3 Rc8 26. Kd2 a2 27. Ra1 f3 28. gxf3
exf3 29. Qc4 Nf8 30. Nd6 Qxc4 31. Nxc4 Rh5 32. Rxa2 Rxc7 33. Kd3 Rxh2 34. Rxb6
g5 35. Rb8 Kg7 36. Ne5 h5 37. Nxf3 Rg2 38. Raa8 Ng6 39. Rb5 f6 40. d5 Rxf2 41.
Nd4 Rd7 42. e4 h4 43. Ke3 Rf1 44. Ke2 Rc1 45. Ne6+ Kh6 46. Kf2 g4 47. Nc5 g3+
48. Kg2 Nf4+ 49. Kf3 Rf1+ 50. Kg4 Rg7+ 0-1

[Event "Aeroflot Open 2016 B"]
[Site "Moscu RUS"]
[Date "2016.03.04"]
[Round "4.8"]
[White "Wang, Chen"]
[Black "Venkatesh, M.R."]
[Result "1/2-1/2"]
[WhiteElo "2526"]
[BlackElo "2443"]
[PlyCount "37"]
[EventDate "2016.03.01"]
[EventType "swiss"]
[EventRounds "9"]
[EventCountry "RUS"]
[Source "lmi"]
[SourceDate "2016.03.01"]

1. d4 Nf6 2. Bg5 c5 3. Bxf6 gxf6 4. d5 Qb6 5. Qc1 f5 6. c4 Bg7 7. Nc3 d6 8. e3
Nd7 9. Nf3 Ne5 10. Nxe5 Bxe5 11. Bd3 Bd7 12. Qc2 e6 13. O-O O-O-O 14. f4 Bf6
15. Rae1 Rde8 16. Kh1 h6 17. Re2 Kb8 18. Rfe1 Qa5 19. Rf1 1/2-1/2

[Event "Aeroflot Open 2016 B"]
[Site "Moscu RUS"]
[Date "2016.03.04"]
[Round "4.9"]
[White "Pavlovic, Milos"]
[Black "Konovalov, Nikolay"]
[Result "0-1"]
[WhiteElo "2494"]
[BlackElo "2437"]
[PlyCount "38"]
[EventDate "2016.03.01"]
[EventType "swiss"]
[EventRounds "9"]
[EventCountry "RUS"]
[Source "lmi"]
[SourceDate "2016.03.01"]

1. Nf3 c5 2. c4 Nc6 3. g3 g6 4. Bg2 Bg7 5. Nc3 e6 6. d3 Nge7 7. h4 h6 8. h5 g5
9. Nxg5 hxg5 10. Bxg5 Qa5 11. Qd2 Nf5 12. h6 Bd4 13. g4 f6 14. gxf5 fxg5 15.
Qxg5 Bxc3+ 16. Kf1 Bxb2 17. Bf3 Qd8 18. Qg6+ Kf8 19. Rb1 Bf6 0-1

[Event "Aeroflot Open 2016 B"]
[Site "Moscu RUS"]
[Date "2016.03.04"]
[Round "4.10"]
[White "Baghdasaryan, Vahe"]
[Black "Evdokimov, Alexander A"]
[Result "0-1"]
[WhiteElo "2436"]
[BlackElo "2490"]
[PlyCount "88"]
[EventDate "2016.03.01"]
[EventType "swiss"]
[EventRounds "9"]
[EventCountry "RUS"]
[Source "lmi"]
[SourceDate "2016.03.01"]

1. c4 c5 2. Nc3 g6 3. g3 Bg7 4. Bg2 Nc6 5. Nf3 e6 6. d4 cxd4 7. Nb5 d5 8. cxd5
Qa5+ 9. Nd2 Qxb5 10. a4 Qb6 11. dxc6 Ne7 12. Nc4 Qb4+ 13. Bd2 Qxc4 14. cxb7
Bxb7 15. Bxb7 Rb8 16. Rc1 Qa2 17. Ba6 O-O 18. b4 Qd5 19. O-O Nc6 20. Bc4 Qh5
21. Bb5 Ne5 22. Kg2 Rfd8 23. h3 Qf5 24. Rc5 Bf8 25. g4 Qf6 26. g5 Qh8 27. Rc7
Ra8 28. f4 Bd6 29. Rb7 a6 30. Bd3 Nxd3 31. exd3 Qg7 32. Qf3 Qf8 33. Qe4 Qe8 34.
Rb6 Qe7 35. Rb7 Qe8 36. Rb6 Qe7 37. Rc1 Rac8 38. Rb7 Qe8 39. Rb6 Rxc1 40. Bxc1
Qxa4 41. Kg3 Bxb4 42. Qe5 Qb3 43. Qc7 Rf8 44. Kh2 Qxd3 0-1

[Event "Aeroflot Open 2016 B"]
[Site "Moscu RUS"]
[Date "2016.03.04"]
[Round "4.11"]
[White "Demidov, Mikhail"]
[Black "Kanter, Eduard"]
[Result "1-0"]
[WhiteElo "2490"]
[BlackElo "2353"]
[PlyCount "131"]
[EventDate "2016.03.01"]
[EventType "swiss"]
[EventRounds "9"]
[EventCountry "RUS"]
[Source "lmi"]
[SourceDate "2016.03.01"]

1. d4 Nf6 2. Nf3 e6 3. e3 c5 4. c4 cxd4 5. exd4 Bb4+ 6. Nc3 O-O 7. Bd3 b6 8.
O-O Bb7 9. Bg5 Be7 10. Re1 h6 11. Bf4 d5 12. a3 dxc4 13. Bxc4 Nd5 14. Bd2 Nd7
15. Qe2 Re8 16. Ne4 Rc8 17. Rac1 N5f6 18. Nxf6+ Bxf6 19. Bf4 Nf8 20. Red1 Ng6
21. Bg3 Bg5 22. Nxg5 Qxg5 23. Qe3 Red8 24. Bf1 Ne7 25. Bc7 Rd7 26. Bf4 Qd5 27.
Rxc8+ Bxc8 28. Rc1 Bb7 29. Qe5 Qxd4 30. Qxd4 Rxd4 31. Rc7 Bc6 32. Rxe7 Rxf4 33.
Rxa7 Rd4 34. Ra6 Rd1 35. Rxb6 Be4 36. Rb3 Rb1 37. f3 Bd5 38. Rb8+ Kh7 39. Kf2
f5 40. Rb4 g5 41. Bd3 Rd1 42. Be2 Rc1 43. a4 Kg7 44. a5 Ra1 45. a6 Kf6 46. g3
Ke7 47. Rd4 Kd6 48. b4 Ra4 49. f4 e5 50. Rd2 Ke6 51. fxe5 Rxb4 52. Rxd5 Kxd5
53. a7 Ra4 54. a8=Q+ Rxa8 55. Bf3+ Kxe5 56. Bxa8 h5 57. Bc6 h4 58. Bb7 Kd4 59.
Kf3 Ke5 60. Bc8 Kf6 61. Ke2 Ke5 62. Kd3 Kf6 63. Kd4 h3 64. Bd7 g4 65. Ke3 Kg5
66. Bc8 1-0

[Event "Aeroflot Open 2016 B"]
[Site "Moscu RUS"]
[Date "2016.03.04"]
[Round "4.12"]
[White "Guo, Qi"]
[Black "Papin, Vasily"]
[Result "1/2-1/2"]
[WhiteElo "2435"]
[BlackElo "2476"]
[PlyCount "39"]
[EventDate "2016.03.01"]
[EventType "swiss"]
[EventRounds "9"]
[EventCountry "RUS"]
[Source "lmi"]
[SourceDate "2016.03.01"]

1. d4 Nf6 2. c4 e6 3. Nf3 b6 4. a3 Ba6 5. Qc2 Bb7 6. Nc3 c5 7. dxc5 bxc5 8. Bf4
a6 9. Rd1 Be7 10. h3 Qb6 11. e3 O-O 12. Be2 Rd8 13. O-O d6 14. Rd2 Nbd7 15.
Rfd1 Nf8 16. Bh2 h6 17. Na4 Qc7 18. Nc3 Qb6 19. Na4 Qc7 20. Nc3 1/2-1/2

[Event "Aeroflot Open 2016 B"]
[Site "Moscu RUS"]
[Date "2016.03.04"]
[Round "4.13"]
[White "Li, Di"]
[Black "Moskalenko, Alexander"]
[Result "0-1"]
[WhiteElo "2428"]
[BlackElo "2475"]
[PlyCount "98"]
[EventDate "2016.03.01"]
[EventType "swiss"]
[EventRounds "9"]
[EventCountry "RUS"]
[Source "lmi"]
[SourceDate "2016.03.01"]

1. Nf3 Nf6 2. g3 e6 3. Bg2 d5 4. d4 c6 5. O-O Nbd7 6. Nbd2 b6 7. c4 Bb7 8. e4
dxe4 9. Ng5 Be7 10. Ndxe4 O-O 11. Nc3 h6 12. Nf3 Bb4 13. Ne2 Bd6 14. Re1 c5 15.
d5 exd5 16. Nh4 Ne5 17. cxd5 c4 18. Nf4 Re8 19. Nf5 Bf8 20. Be3 Neg4 21. Bd4
Qd7 22. Qc2 Nxd5 23. Bxd5 Bxd5 24. h3 Be6 25. Nxg7 Bxg7 26. Bxg7 Kxg7 27. Nh5+
Kf8 28. Qh7 Qd2 29. hxg4 Qg5 30. f4 Qxg4 31. Qxh6+ Ke7 32. Qf6+ Kd7 33. Rad1+
Kc7 34. Qe5+ Kb7 35. Qe4+ Ka6 36. Qe2 Rh8 37. f5 Bxf5 38. Nf6 Qxg3+ 39. Qg2
Qxg2+ 40. Kxg2 Rh6 41. Ne8 Rc8 42. Re7 Rhc6 43. Rd4 Be6 44. a4 Ka5 45. Rxa7+
Kb4 46. Re7 Kxa4 47. Kf2 Kb3 48. Rd2 Ra8 49. Nd6 Ra5 0-1